[Event "IECG WC.2012.P.00005 email"]
[Site "IECG email"]
[Date "2008.02.15"]
[Round "?"]
[White "Candelario, Jose"]
[Black "Laczay, Istvan"]
[Result "1/2-1/2"]
[WhiteElo "1410"]
[BlackElo "1895"]
[PlyCount "93"]
[EventDate "2008.02.15"]
[EventType "tourn (corr)"]
[EventRounds "10"]
[SourceTitle "Corr 2024"]
[Source "ChessBase"]
[SourceDate "2023.10.19"]
[SourceVersion "1"]
[SourceVersionDate "2023.10.19"]
[SourceQuality "1"]

1. e4 c5 2. Nf3 d6 3. Bc4 Nf6 4. Nc3 a6 5. 0-0 Nc6 6. d3 e6 7. Re1 Be7 8. Bf4 b5 9. Bb3 0-0 10. h3 Bb7 11. a3 Rc8 12. Be3 d5 13. exd5 exd5 14. Bg5 d4 15. Bxf6 Bxf6 16. Ne4 Be7 17. Qd2 Qc7 18. Re2 Ne5 19. Nxe5 Qxe5 20. Ng3 Qf6 21. Rae1 Bd6 22. Ne4 Qg6 23. Ba2 Kh8 24. f4 Bb8 25. Rf1 f5 26. Ng5 h6 27. Nf3 Bxf3 28. Rxf3 Rfe8 29. c3 Rxe2 30. Qxe2 Re8 31. Qf2 Qd6 32. cxd4 cxd4 33. g4 fxg4 34. hxg4 Rf8 35. f5 Rc8 36. Qh4 Rc1+ 37. Rf1 Rxf1+ 38. Kxf1 Qf4+ 39. Qf2 Qxg4 40. f6 Bd6 41. fxg7+ Qxg7 42. b4 Qe5 43. Qe2 Qf6+ 44. Ke1 Kg7 45. Bd5 Qf4 46. Kd1 Be5 47. Be4 1/2-1/2

[Event "IECG TE.2006.S.02204 email"]
[Site "IECG email"]
[Date "2008.02.01"]
[Round "?"]
[White "Ottenweller, Wolfgang"]
[Black "Candelario, Jose"]
[Result "1-0"]
[WhiteElo "1772"]
[BlackElo "1410"]
[PlyCount "63"]
[EventDate "2008.02.01"]
[EventType "tourn (corr)"]
[EventRounds "12"]
[SourceTitle "Corr 2024"]
[Source "ChessBase"]
[SourceDate "2023.10.19"]
[SourceVersion "1"]
[SourceVersionDate "2023.10.19"]
[SourceQuality "1"]

1. d4 f5 2. e4 fxe4 3. Nc3 Nf6 4. Bg5 d6 5. Qe2 Bf5 6. Qb5+ Bd7 7. Qxb7 Nc6 8. 0-0-0 Rb8 9. Qa6 Nb4 10. Qe2 Bg4 11. f3 exf3 12. Nxf3 c6 13. a3 Nbd5 14. Nxd5 cxd5 15. h3 Bf5 16. Qa6 Qc7 17. Bd3 Ne4 18. Bd2 Bd7 19. Ba5 Qc6 20. Qxa7 Ra8 21. Qc7 Nf2 22. Rhe1 Nxd1 23. Kxd1 Qxc7 24. Bxc7 e6 25. Ng5 Be7 26. Nxe6 Kf7 27. Nf4 Bc6 28. Rf1 Ke8 29. Nxd5 Rf8 30. Rxf8+ Kxf8 31. Ne3 Rc8 32. Ba5 1-0

[Event "IECG TE.2005.S.02001 email"]
[Site "IECG email"]
[Date "2007.12.08"]
[Round "?"]
[White "Reede, Arvo"]
[Black "Candelario, Jose"]
[Result "0-1"]
[WhiteElo "1087"]
[BlackElo "1360"]
[PlyCount "48"]
[EventDate "2007.12.08"]
[EventType "tourn (corr)"]
[EventRounds "12"]
[SourceTitle "Corr 2024"]
[Source "ChessBase"]
[SourceDate "2023.10.19"]
[SourceVersion "1"]
[SourceVersionDate "2023.10.19"]
[SourceQuality "1"]

1. e4 e5 2. Nf3 Nc6 3. c3 d5 4. Qa4 Bd7 5. exd5 Nd4 6. Qd1 Nxf3+ 7. Qxf3 Nf6 8. Bc4 Bd6 9. d3 b5 10. Bb3 Bg4 11. Qg3 e4 12. Qe3 0-0 13. h3 Bf5 14. d4 a5 15. a4 bxa4 16. Rxa4 Qb8 17. Nd2 c6 18. dxc6 Bf4 19. c7 Qxc7 20. Qe2 e3 21. fxe3 Bxe3 22. Kd1 Rfe8 23. Qf3 Bd7 24. Qf5 Bxf5 0-1

[Event "IECG TE.2007.P.02403 email"]
[Site "IECG email"]
[Date "2007.03.31"]
[Round "?"]
[White "Borisovs, Leonids"]
[Black "Candelario, Jose"]
[Result "1-0"]
[WhiteElo "2217"]
[BlackElo "1336"]
[PlyCount "77"]
[EventDate "2007.03.31"]
[EventType "tourn (corr)"]
[EventRounds "12"]
[SourceTitle "Corr 2024"]
[Source "ChessBase"]
[SourceDate "2023.10.19"]
[SourceVersion "1"]
[SourceVersionDate "2023.10.19"]
[SourceQuality "1"]

1. d4 d5 2. c4 e5 3. dxe5 d4 4. Nf3 Nc6 5. g3 f6 6. exf6 Nxf6 7. Bg2 Be7 8. 0-0 0-0 9. Nbd2 Bf5 10. Nb3 d3 11. Re1 dxe2 12. Qxe2 Re8 13. c5 Qd3 14. Bf4 Qxe2 15. Rxe2 Nd5 16. Ne5 Nxf4 17. gxf4 Nxe5 18. Rxe5 Bd7 19. Rd1 Rad8 20. Na5 Ba4 21. Rxd8 Bxd8 22. Bxb7 Bf6 23. Rxe8+ Bxe8 24. Bd5+ Bf7 25. Bxf7+ Kxf7 26. b3 Ke6 27. Kg2 Kd5 28. c6 Bc3 29. Nc4 Kxc6 30. Ne3 Kc5 31. Nc2 a5 32. Kf3 Kb5 33. Ke4 a4 34. bxa4+ Kxa4 35. Kd3 Bf6 36. Kc4 Bh4 37. f3 Bf2 38. f5 Bg1 39. h4 1-0

[Event "IECG TE.2007.P.02404 email"]
[Site "IECG email"]
[Date "2007.03.31"]
[Round "?"]
[White "Candelario, Jose"]
[Black "Lehnen, Patric"]
[Result "0-1"]
[WhiteElo "1336"]
[BlackElo "1706"]
[PlyCount "77"]
[EventDate "2007.03.31"]
[EventType "tourn (corr)"]
[EventRounds "12"]
[SourceTitle "Corr 2024"]
[Source "ChessBase"]
[SourceDate "2023.10.19"]
[SourceVersion "1"]
[SourceVersionDate "2023.10.19"]
[SourceQuality "1"]

1. d4 d5 2. c4 e5 3. dxe5 d4 4. Nf3 Nc6 5. e3 Bb4+ 6. Bd2 dxe3 7. fxe3 Bxd2+ 8. Nbxd2 Nh6 9. Qb3 Ng4 10. Be2 0-0 11. 0-0 Qe7 12. h3 Ngxe5 13. Nxe5 Nxe5 14. Rad1 Re8 15. Nf3 g6 16. Nd4 b6 17. Nb5 Bb7 18. Rf2 Rad8 19. Nxa7 Rxd1+ 20. Bxd1 Qc5 21. Be2 c6 22. Qc3 Ra8 23. Qd4 Rxa7 24. Qd8+ Qf8 25. Qxb6 Qb8 26. a3 Ra8 27. c5 Qc8 28. Qb3 Ba6 29. Qc3 Bxe2 30. Qxe5 Bc4 31. Rf4 Bd5 32. e4 Be6 33. Rf2 Qd8 34. Kh2 Ra4 35. Kg1 Rc4 36. Kh2 h5 37. Rf3 Rc2 38. b4 Qd1 39. Qb8+ 0-1

[Event "IECG TE.2007.P.02403 email"]
[Site "IECG email"]
[Date "2007.03.31"]
[Round "?"]
[White "Candelario, Jose"]
[Black "Muata, Kash'Ka"]
[Result "1-0"]
[WhiteElo "1336"]
[BlackElo "989"]
[PlyCount "105"]
[EventDate "2007.03.31"]
[EventType "tourn (corr)"]
[EventRounds "12"]
[SourceTitle "Corr 2024"]
[Source "ChessBase"]
[SourceDate "2023.10.19"]
[SourceVersion "1"]
[SourceVersionDate "2023.10.19"]
[SourceQuality "1"]

1. d4 d5 2. c4 e5 3. dxe5 d4 4. Nf3 Nc6 5. a3 Nge7 6. Nbd2 Ng6 7. Nb3 Bg4 8. Nbxd4 Bxf3 9. Nxf3 Qxd1+ 10. Kxd1 Ngxe5 11. Nxe5 Nxe5 12. e3 Ng4 13. Ke1 0-0-0 14. Be2 Nf6 15. b3 Ne4 16. Bb2 Be7 17. Bxg7 Rhg8 18. Be5 Rg5 19. Bg3 Ra5 20. Bf3 Bb4+ 21. Kf1 Rxa3 22. Rxa3 Bxa3 23. Be5 Rd3 24. Ke2 Rd2+ 25. Ke1 Rc2 26. Bxe4 Rc1+ 27. Ke2 Rxh1 28. Bxh7 Bd6 29. Bxd6 cxd6 30. h3 Kd8 31. Be4 b6 32. Kf3 Ke7 33. Kg4 Rc1 34. h4 Rc3 35. h5 Rxb3 36. h6 Kf6 37. Kf4 Rc3 38. g4 Rxc4 39. g5+ Ke7 40. h7 Rc8 41. Kf5 Rh8 42. g6 Kf8 43. Kf6 fxg6 44. Kxg6 b5 45. f4 a6 46. f5 a5 47. Bc6 b4 48. Ba4 Ke7 49. e4 b3 50. Bxb3 Kf8 51. Ba4 Ke7 52. Kg7 Rxh7+ 53. Kxh7 1-0

[Event "IECG TE.2007.P.02404 email"]
[Site "IECG email"]
[Date "2007.03.31"]
[Round "?"]
[White "Candelario, Jose"]
[Black "Sulis, Giovanni"]
[Result "1-0"]
[WhiteElo "1336"]
[BlackElo "1855"]
[PlyCount "63"]
[EventDate "2007.03.31"]
[EventType "tourn (corr)"]
[EventRounds "12"]
[SourceTitle "Corr 2024"]
[Source "ChessBase"]
[SourceDate "2023.10.19"]
[SourceVersion "1"]
[SourceVersionDate "2023.10.19"]
[SourceQuality "1"]

1. d4 d5 2. c4 e5 3. dxe5 d4 4. Nf3 Nc6 5. g3 f6 6. exf6 Nxf6 7. Nbd2 Be7 8. Bg2 0-0 9. 0-0 Bf5 10. Nb3 d3 11. Re1 Bb4 12. Bd2 Ne4 13. exd3 Nxd2 14. Nfxd2 Qf6 15. a3 Bd6 16. Bd5+ Kh8 17. Qe2 Nd4 18. Nxd4 Qxd4 19. Nb3 Qf6 20. c5 c6 21. cxd6 cxd5 22. Qe5 Qg6 23. Nd4 Rad8 24. Rac1 h6 25. Rc7 Bd7 26. Qe7 Qg4 27. Ne6 Bxe6 28. Rxe6 Kh7 29. Rxb7 Qd4 30. Re3 a6 31. a4 Rg8 32. b4 1-0

[Event "IECG TE.2007.P.02404 email"]
[Site "IECG email"]
[Date "2007.03.31"]
[Round "?"]
[White "Lehnen, Patric"]
[Black "Candelario, Jose"]
[Result "1-0"]
[WhiteElo "1706"]
[BlackElo "1336"]
[PlyCount "67"]
[EventDate "2007.03.31"]
[EventType "tourn (corr)"]
[EventRounds "12"]
[SourceTitle "Corr 2024"]
[Source "ChessBase"]
[SourceDate "2023.10.19"]
[SourceVersion "1"]
[SourceVersionDate "2023.10.19"]
[SourceQuality "1"]

1. d4 d5 2. c4 e5 3. dxe5 d4 4. Nf3 Nc6 5. Nbd2 f6 6. exf6 Nxf6 7. g3 Be7 8. Bg2 0-0 9. 0-0 Bf5 10. Nb3 d3 11. Nh4 dxe2 12. Qxe2 Bg4 13. Nf3 Re8 14. h3 Bf5 15. Rd1 Bd6 16. Be3 Qe7 17. g4 Be4 18. c5 Be5 19. g5 Nd5 20. Qc4 Bxb2 21. Rxd5 Qf7 22. Rad1 Bxd5 23. Rxd5 Kh8 24. Nbd2 Rad8 25. Rxd8 Nxd8 26. Qa4 a6 27. Bf1 Bc3 28. Bd3 g6 29. Ne4 Ba1 30. Nf6 Rf8 31. Nxh7 Kxh7 32. Qh4+ Kg8 33. Bc4 Ne6 34. Bd4 1-0

[Event "IECG TE.2007.P.02404 email"]
[Site "IECG email"]
[Date "2007.03.31"]
[Round "?"]
[White "Sulis, Giovanni"]
[Black "Candelario, Jose"]
[Result "1/2-1/2"]
[WhiteElo "1855"]
[BlackElo "1336"]
[PlyCount "71"]
[EventDate "2007.03.31"]
[EventType "tourn (corr)"]
[EventRounds "12"]
[SourceTitle "Corr 2024"]
[Source "ChessBase"]
[SourceDate "2023.10.19"]
[SourceVersion "1"]
[SourceVersionDate "2023.10.19"]
[SourceQuality "1"]

1. d4 d5 2. c4 e5 3. dxe5 d4 4. Nf3 Nc6 5. a3 Bg4 6. Qb3 Rb8 7. Bg5 f6 8. Bf4 Bxf3 9. exf3 fxe5 10. Bg3 Nf6 11. Nd2 Bc5 12. Bd3 0-0 13. Ne4 Nd7 14. h4 h6 15. 0-0-0 Qe7 16. Rhe1 Kh8 17. Bc2 Qe6 18. Qd3 Qg8 19. Kb1 a6 20. Ba4 Be7 21. Rc1 Qe6 22. Bc2 Qg8 23. h5 Bc5 24. Ba4 Qe6 25. Re2 Be7 26. Bc2 Qg8 27. Ka1 Rf5 28. Rh1 Rbf8 29. Bb3 Na5 30. Ba2 c5 31. Qc2 Nc6 32. Qb3 Na5 33. Qa4 Nc6 34. Nd2 Qf7 35. Bb1 Rxh5 36. Rxh5 1/2-1/2

[Event "IECG TE.2006.P.02308 email"]
[Site "IECG email"]
[Date "2006.12.20"]
[Round "?"]
[White "Candelario, Jose"]
[Black "Amir, Jacob"]
[Result "1-0"]
[WhiteElo "800"]
[BlackElo "1748"]
[PlyCount "87"]
[EventDate "2006.12.20"]
[EventType "tourn (corr)"]
[EventRounds "12"]
[SourceTitle "Corr 2024"]
[Source "ChessBase"]
[SourceDate "2023.10.19"]
[SourceVersion "1"]
[SourceVersionDate "2023.10.19"]
[SourceQuality "1"]

1. e4 c5 2. c3 Nf6 3. e5 Nd5 4. Nf3 Nc6 5. d4 cxd4 6. cxd4 d6 7. Bc4 e6 8. 0-0 Be7 9. Nc3 Nxc3 10. bxc3 0-0 11. exd6 Qxd6 12. Re1 Bd7 13. Rb1 Rfc8 14. Bd3 b6 15. Qc2 g6 16. Qd2 Bf6 17. Qh6 e5 18. Be4 Re8 19. dxe5 Nxe5 20. Bf4 Rad8 21. Bxe5 Bxe5 22. Ng5 Bg7 23. Qxh7+ Kf8 24. h4 Bg4 25. Re3 Qf6 26. Rf1 Re7 27. c4 Rd4 28. Bd5 Rf4 29. Bxf7 Rxe3 30. Qg8+ Ke7 31. Qe8+ Kd6 32. Qxe3 Kc7 33. c5 Bf8 34. cxb6+ axb6 35. g3 Rf5 36. Ne6+ Kb7 37. Rb1 b5 38. Qe4+ Kb8 39. Bxg6 Re5 40. Qxg4 Rxe6 41. Rxb5+ Kc7 42. Be4 Rb6 43. Rf5 Qa1+ 44. Kg2 1-0

[Event "IECG TE.2006.P.02317 email"]
[Site "IECG email"]
[Date "2006.12.20"]
[Round "?"]
[White "Candelario, Jose"]
[Black "Martins, Karin"]
[Result "1-0"]
[WhiteElo "800"]
[BlackElo "1479"]
[PlyCount "149"]
[EventDate "2006.12.20"]
[EventType "tourn (corr)"]
[EventRounds "12"]
[SourceTitle "Corr 2024"]
[Source "ChessBase"]
[SourceDate "2023.10.19"]
[SourceVersion "1"]
[SourceVersionDate "2023.10.19"]
[SourceQuality "1"]

1. e4 c5 2. c3 Nf6 3. e5 Nd5 4. d4 cxd4 5. cxd4 e6 6. Nf3 d6 7. Nc3 Nxc3 8. bxc3 Qc7 9. Qc2 Nd7 10. Bf4 dxe5 11. Bxe5 Nxe5 12. Nxe5 Bd6 13. Bb5+ Kf8 14. f4 g6 15. 0-0 Kg7 16. Qd2 f6 17. Nc4 Be7 18. Ne3 a6 19. Bd3 b5 20. a4 Bd7 21. Be4 Rab8 22. axb5 axb5 23. g3 Rhc8 24. Rfc1 Bc6 25. Bxc6 Qxc6 26. Ra7 Rc7 27. Rxc7 Qxc7 28. Rb1 Ra8 29. Rxb5 Ra1+ 30. Kf2 Qc6 31. Qe2 Bd8 32. Qb2 Rh1 33. Rb7+ Kg8 34. Nf1 Rxf1+ 35. Kxf1 Qh1+ 36. Ke2 Qxh2+ 37. Kd3 Qxg3+ 38. Kc4 Qf3 39. Qb5 Qe2+ 40. Kc5 Qxb5+ 41. Kxb5 Kf8 42. Rxh7 g5 43. fxg5 fxg5 44. c4 Bf6 45. c5 Bxd4 46. c6 Be5 47. Kb6 g4 48. c7 Bxc7+ 49. Kxc7 g3 50. Rh1 Ke7 51. Rg1 Kf6 52. Rxg3 Ke5 53. Rg1 Kd5 54. Rg5+ e5 55. Kd7 Kd4 56. Ke6 e4 57. Rd5+ Kc3 58. Re5 Kd3 59. Kf5 e3 60. Kf4 e2 61. Kf3 Kd4 62. Rxe2 Kd5 63. Kf4 Kc4 64. Rd2 Kc5 65. Ke4 Kc6 66. Rd5 Kb6 67. Kd4 Kc6 68. Kc4 Kb6 69. Rc5 Ka7 70. Kb5 Kb7 71. Rc6 Ka7 72. Rc7+ Ka8 73. Kb6 Kb8 74. Rc6 Ka8 75. Rc8# 1-0

[Event "IECG TE.2006.P.02308 email"]
[Site "IECG email"]
[Date "2006.12.20"]
[Round "?"]
[White "Jordaan, Wayne"]
[Black "Candelario, Jose"]
[Result "1/2-1/2"]
[WhiteElo "1813"]
[BlackElo "800"]
[PlyCount "68"]
[EventDate "2006.12.20"]
[EventType "tourn (corr)"]
[EventRounds "12"]
[SourceTitle "Corr 2024"]
[Source "ChessBase"]
[SourceDate "2023.10.19"]
[SourceVersion "1"]
[SourceVersionDate "2023.10.19"]
[SourceQuality "1"]

1. e4 c5 2. c3 Nc6 3. d4 d5 4. exd5 Qxd5 5. Nf3 Bg4 6. Be2 Nf6 7. h3 Bf5 8. 0-0 e6 9. Be3 Be7 10. c4 Qd8 11. dxc5 Ne4 12. Nbd2 Nxc5 13. Nb3 Qb6 14. Nxc5 Bxc5 15. Qb3 0-0 16. Qxb6 axb6 17. a3 Rfd8 18. Rad1 h6 19. Rc1 e5 20. b4 Bxe3 21. fxe3 Rxa3 22. b5 Ne7 23. Rfd1 Rxd1+ 24. Rxd1 f6 25. Kf2 Kf7 26. g4 Be6 27. Nd2 f5 28. Nf3 Ng6 29. Rd6 fxg4 30. hxg4 Ra2 31. Kf1 Ra1+ 32. Kf2 Ra2 33. Kf1 Ra1+ 34. Kf2 Ra2 1/2-1/2

[Event "IECG TE.2006.P.02317 email"]
[Site "IECG email"]
[Date "2006.12.20"]
[Round "?"]
[White "Rakovic, Dragan"]
[Black "Candelario, Jose"]
[Result "1/2-1/2"]
[WhiteElo "1502"]
[BlackElo "800"]
[PlyCount "38"]
[EventDate "2006.12.20"]
[EventType "tourn (corr)"]
[EventRounds "12"]
[SourceTitle "Corr 2024"]
[Source "ChessBase"]
[SourceDate "2023.10.19"]
[SourceVersion "1"]
[SourceVersionDate "2023.10.19"]
[SourceQuality "1"]

1. e4 c5 2. c3 Nc6 3. d4 d5 4. exd5 Qxd5 5. Nf3 Bg4 6. dxc5 Qxd1+ 7. Kxd1 0-0-0+ 8. Nbd2 Nf6 9. Ke1 e6 10. b4 Be7 11. Be2 Nd5 12. Bb2 Nf4 13. Rg1 Bf6 14. Nc4 Kb8 15. a3 e5 16. h3 Bh5 17. g4 Bg6 18. Bf1 h6 19. Rd1 Rxd1+ 1/2-1/2

[Event "IECG CP.2006.P.00022 email"]
[Site "IECG email"]
[Date "2006.10.01"]
[Round "?"]
[White "Abbey, William"]
[Black "Candelario, Jose"]
[Result "1/2-1/2"]
[WhiteElo "1462"]
[BlackElo "800"]
[PlyCount "77"]
[EventDate "2006.10.01"]
[EventType "tourn (corr)"]
[EventRounds "6"]
[SourceTitle "Corr 2011"]
[Source "ChessBase"]
[SourceDate "2010.08.31"]
[SourceVersion "1"]
[SourceVersionDate "2010.08.31"]
[SourceQuality "1"]

1. f4 d5 2. Nf3 Nf6 3. g3 Nc6 4. d3 Bf5 5. c3 e6 6. Be3 Bd6 7. Bg2 0-0 8. 0-0 Qe7 9. Nbd2 Ng4 10. Bf2 h6 11. e4 dxe4 12. dxe4 Nxf2 13. Rxf2 Bg6 14. Kh1 Bc5 15. Rf1 Rfd8 16. Qe2 a6 17. b4 Ba7 18. Nc4 Qf6 19. Nfe5 Nxe5 20. Nxe5 Bh7 21. Rad1 Rxd1 22. Rxd1 Rd8 23. b5 axb5 24. Nd7 Qxc3 25. Rd3 Qc4 26. Nf6+ gxf6 27. Rxd8+ Kg7 28. Qg4+ Bg6 29. Rd1 b4 30. h4 h5 31. Qf3 Qc2 32. Qb3 Qe2 33. Qf3 Qxf3 34. Bxf3 Kf8 35. Kg2 Ke7 36. Re1 Kf8 37. Rd1 Ke7 38. Re1 Kf8 39. Rd1 1/2-1/2

[Event "IECG CP.2006.P.00022 email"]
[Site "IECG email"]
[Date "2006.10.01"]
[Round "?"]
[White "Diouf, Moussa"]
[Black "Candelario, Jose"]
[Result "0-1"]
[WhiteElo "2000"]
[BlackElo "800"]
[PlyCount "42"]
[EventDate "2006.10.01"]
[EventType "tourn (corr)"]
[EventRounds "6"]
[SourceTitle "Corr 2011"]
[Source "ChessBase"]
[SourceDate "2010.08.31"]
[SourceVersion "1"]
[SourceVersionDate "2010.08.31"]
[SourceQuality "1"]

1. e4 e5 2. Nf3 Nc6 3. Bb5 a6 4. Ba4 Nf6 5. 0-0 b5 6. Bb3 Bd6 7. d4 Bb7 8. Re1 0-0 9. Nc3 exd4 10. Nxd4 Nxd4 11. Qxd4 Qe7 12. Bg5 Bxh2+ 13. Kh1 Be5 14. Qd3 h6 15. Bxf6 Qxf6 16. Bd5 c6 17. Bb3 Qxf2 18. Qxd7 Bc8 19. Qxc6 Qh4+ 20. Kg1 Bd4+ 21. Kf1 Qf2# 0-1

[Event "IECG TE.2006.P.02222 email"]
[Site "IECG email"]
[Date "2006.06.19"]
[Round "?"]
[White "Candelario, Jose"]
[Black "Wurm, Tamas"]
[Result "1-0"]
[WhiteElo "800"]
[BlackElo "1038"]
[PlyCount "75"]
[EventDate "2006.06.19"]
[EventType "tourn (corr)"]
[EventRounds "12"]
[SourceTitle "Corr 2024"]
[Source "ChessBase"]
[SourceDate "2023.10.19"]
[SourceVersion "1"]
[SourceVersionDate "2023.10.19"]
[SourceQuality "1"]

1. d4 f5 2. e4 fxe4 3. Nc3 Nf6 4. Bg5 Nc6 5. Bb5 a6 6. Bxc6 bxc6 7. Nge2 d5 8. 0-0 Bg4 9. h3 Bh5 10. Qd2 e6 11. Nf4 Bf7 12. f3 exf3 13. Rxf3 Be7 14. Re1 Qd7 15. Nxe6 Bxe6 16. Rfe3 Ne4 17. Nxe4 dxe4 18. Rxe4 0-0 19. Bxe7 Qxe7 20. Rxe6 Qd7 21. Re7 Qd6 22. R1e6 Qd5 23. Qe3 Rad8 24. Rxc7 Rd7 25. c4 Qxd4 26. Qxd4 Rxd4 27. Ree7 Rd1+ 28. Kh2 Rff1 29. Rxg7+ Kf8 30. Rxh7 Kg8 31. Rh6 Rh1+ 32. Kg3 Rd3+ 33. Kh4 Rd4+ 34. Kh5 Rc1 35. Rg6+ Kf8 36. Rf6+ Ke8 37. Rh6 Kd8 38. Ra7 1-0

[Event "IECG TE.2006.P.02222 email"]
[Site "IECG email"]
[Date "2006.06.19"]
[Round "?"]
[White "Ottenweller, Wolfgang"]
[Black "Candelario, Jose"]
[Result "0-1"]
[WhiteElo "1968"]
[BlackElo "800"]
[PlyCount "108"]
[EventDate "2006.06.19"]
[EventType "tourn (corr)"]
[EventRounds "12"]
[SourceTitle "Corr 2024"]
[Source "ChessBase"]
[SourceDate "2023.10.19"]
[SourceVersion "1"]
[SourceVersionDate "2023.10.19"]
[SourceQuality "1"]

1. d4 f5 2. e4 fxe4 3. f3 e6 4. Bf4 Nf6 5. Nc3 Bb4 6. fxe4 Nc6 7. Bg5 h6 8. Bh4 0-0 9. e5 g5 10. Bg3 Nd5 11. Nge2 Qe8 12. Qd3 d6 13. a3 Bxc3+ 14. Nxc3 dxe5 15. dxe5 Nf4 16. Qe3 Qh5 17. Rg1 a6 18. Be2 Nxe2 19. Nxe2 Rd8 20. Qe4 Ne7 21. Rf1 Nf5 22. Bf2 Qg6 23. Nc3 Bd7 24. 0-0-0 Bc6 25. Qe2 Bxg2 26. Rg1 Bc6 27. h4 Rxd1+ 28. Nxd1 Rd8 29. hxg5 hxg5 30. Be3 Nxe3 31. Qxe3 Kh7 32. Nf2 Qf5 33. Kb1 Kg6 34. b3 Rh8 35. Qg3 Rh5 36. Rd1 Qf3 37. Qg1 Qe3 38. Re1 Qd4 39. Rd1 Qxe5 40. Re1 Qf5 41. Kb2 e5 42. Re3 e4 43. Rc3 Rh4 44. Nd1 Qe5 45. Ne3 Rh3 46. Qe1 a5 47. Qd2 a4 48. b4 Bd7 49. Qe2 Be6 50. Qe1 g4 51. Qe2 Rf3 52. Qd2 g3 53. Kb1 Rf2 54. Qe1 Qf4 0-1

[Event "IECG TE.2005.P.02021"]
[Site "IECG email"]
[Date "2005.12.19"]
[Round "?"]
[White "Candelario, Jose"]
[Black "Daenen, Serge"]
[Result "1/2-1/2"]
[WhiteElo "800"]
[BlackElo "1850"]
[PlyCount "76"]
[EventDate "2005.12.19"]
[EventType "tourn (corr)"]
[EventRounds "8"]
[SourceTitle "Corr 2008"]
[Source "ChessBase"]
[SourceDate "2008.06.24"]
[SourceVersion "1"]
[SourceVersionDate "2008.06.24"]
[SourceQuality "1"]

1. e4 e5 2. Nf3 Nc6 3. c3 Be7 4. d4 exd4 5. cxd4 d5 6. exd5 Qxd5 7. Nc3 Bb4 8. a3 Bxc3+ 9. bxc3 Nf6 10. Bd3 Bg4 11. Qe2+ Ne7 12. 0-0 Kf8 13. h3 Bxf3 14. Qxf3 Qxf3 15. gxf3 Ng6 16. Rb1 b6 17. Re1 Nh4 18. Be4 Re8 19. Kf1 Rg8 20. Bf4 Nxe4 21. fxe4 Nf3 22. Re2 g5 23. Bxc7 Rc8 24. Bd6+ Ke8 25. Rb3 Rg6 26. e5 Kd7 27. a4 g4 28. hxg4 Rxg4 29. Reb2 Re4 30. Kg2 Nh4+ 31. Kf1 h5 32. Re2 Nf3 33. Rxe4 Nd2+ 34. Kg2 Nxe4 35. a5 Rg8+ 36. Kh3 Rg4 37. axb6 axb6 38. Rxb6 Ng5+ 1/2-1/2

[Event "IECG TE.2005.P.02021"]
[Site "IECG email"]
[Date "2005.12.19"]
[Round "?"]
[White "Daenen, Serge"]
[Black "Candelario, Jose"]
[Result "1/2-1/2"]
[WhiteElo "1850"]
[BlackElo "800"]
[PlyCount "109"]
[EventDate "2005.12.19"]
[EventType "tourn (corr)"]
[EventRounds "8"]
[SourceTitle "Corr 2008"]
[Source "ChessBase"]
[SourceDate "2008.06.24"]
[SourceVersion "1"]
[SourceVersionDate "2008.06.24"]
[SourceQuality "1"]

1. e4 e5 2. Nf3 Nc6 3. c3 Nf6 4. d4 Nxe4 5. d5 Ne7 6. Nxe5 Nf6 7. Bc4 b5 8. Bb3 d6 9. Nf3 Bb7 10. 0-0 g6 11. Bg5 Bg7 12. Qd4 Nh5 13. Qh4 f6 14. Bd2 Qd7 15. g4 0-0-0 16. gxh5 Nxd5 17. Re1 gxh5 18. Qxh5 f5 19. Qh3 Rhg8 20. Kf1 Kb8 21. Bg5 Rdf8 22. Nbd2 h6 23. Be3 b4 24. Rac1 bxc3 25. bxc3 Qc6 26. a3 Nxc3 27. Bxg8 Rxg8 28. Qxf5 Be5 29. Rxc3 Bxc3 30. Rb1 Bxd2 31. Bxd2 Ka8 32. Rxb7 Qc4+ 33. Ke1 Re8+ 34. Be3 Kxb7 35. Qb1+ Kc8 36. Nd2 Qd5 37. Qg6 Re6 38. Qg4 h5 39. Qa4 a5 40. h4 Re5 41. Ke2 Qb5+ 42. Qxb5 Rxb5 43. Kd3 Kd7 44. Kc2 a4 45. Ne4 Ke6 46. Ng3 Kf6 47. Bg5+ Kg6 48. Ne2 Rb3 49. Bc1 Rb5 50. Kc3 c6 51. Kc4 Rb3 52. Nf4+ Kf7 53. Nxh5 Rb5 54. Bg5 Rb3 55. Bc1 1/2-1/2

[Event "IECG TE.2005.P.02021"]
[Site "IECG email"]
[Date "2005.12.19"]
[Round "?"]
[White "Speisser, Patrick"]
[Black "Candelario, Jose"]
[Result "0-1"]
[WhiteElo "2084"]
[BlackElo "800"]
[PlyCount "104"]
[EventDate "2005.12.19"]
[EventType "tourn (corr)"]
[EventRounds "8"]
[SourceTitle "Corr 2008"]
[Source "ChessBase"]
[SourceDate "2008.06.24"]
[SourceVersion "1"]
[SourceVersionDate "2008.06.24"]
[SourceQuality "1"]

1. e4 e5 2. Nf3 Nc6 3. c3 Nf6 4. d4 exd4 5. e5 Ne4 6. Qe2 f5 7. exf6 d5 8. Nbd2 Qxf6 9. Nxe4 dxe4 10. Qxe4+ Qe7 11. Bd3 dxc3 12. 0-0 Bd7 13. bxc3 Qxe4 14. Bxe4 0-0-0 15. Ng5 Re8 16. Bxh7 Bd6 17. h3 Be5 18. Bd2 Bf6 19. Bg6 Re2 20. Nf3 Ne5 21. Nxe5 Rxe5 22. Be3 Ra5 23. Rfc1 Ra3 24. Bd4 Bxd4 25. cxd4 Rh6 26. Bc2 Rd6 27. Re1 Rc3 28. Bh7 Rxd4 29. Re7 g5 30. Rg7 c5 31. Rxg5 c4 32. f3 Kc7 33. Be4 Bc6 34. Rg7+ Kd6 35. Bxc6 Kxc6 36. Rb1 b6 37. Rxa7 Rcd3 38. Kh2 Rd1 39. Rb2 R1d2 40. Rxd2 Rxd2 41. Ra8 Rd7 42. Rc8+ Rc7 43. Re8 c3 44. Re1 c2 45. g4 Kb5 46. h4 c1Q 47. Rxc1 Rxc1 48. g5 Kc6 49. Kg3 Kd6 50. f4 Ke6 51. Kg4 Rg1+ 52. Kf3 Kf5 0-1